skbl

Dr Suryya Kumar Bhuyan Library Web-OPAC
ডঃ সূৰ্য্য
কুমাৰ ভূঞা পুথিভঁৰাল ৱেব-অ'পেক

All Research Scholars are advised to clear the annual library fees to continue using Library Resources, Remote Access, Plagiarism Test and Library Clearance.

Cotton University Book Fair 2026

RAMAYANAR ITIBRITTA (Record no. 56028)

MARC details
000 -LEADER
fixed length control field 00446nam a2200169Ia 4500
001 - CONTROL NUMBER
control field 56104
008 - FIXED-LENGTH DATA ELEMENTS--GENERAL INFORMATION
fixed length control field 130129n ii |||gr||||Z||||||465
082 ## - DEWEY DECIMAL CLASSIFICATION NUMBER
Classification number 891.41
245 #0 - TITLE STATEMENT
Title RAMAYANAR ITIBRITTA
Statement of responsibility, etc. Satyandranath Sarma
Medium Textual Documents
250 ## - EDITION STATEMENT
Edition statement 3rd edn--2007.
260 ## - PUBLICATION, DISTRIBUTION, ETC.
Place of publication, distribution, etc. Guwahati
Name of publisher, distributor, etc. Bina Library
300 ## - PHYSICAL DESCRIPTION
Extent 400pg:
Other physical details ill;
Dimensions 23cm.
653 ## - INDEX TERM--UNCONTROLLED
Uncontrolled term Assamese
653 ## - INDEX TERM--UNCONTROLLED
Uncontrolled term Deptt-Assamese
700 ## - ADDED ENTRY--PERSONAL NAME
Personal name Sarma,Satyandranath.
942 ## - ADDED ENTRY ELEMENTS (KOHA)
Source of classification or shelving scheme Dewey Decimal Classification
Koha item type Books
Holdings
Withdrawn status Lost status Damaged status Not for loan Collection Home library Current library Shelving location Date acquired Coded location qualifier Cost, normal purchase price Total checkouts Full call number Barcode Date last seen Copy number Price effective from Koha item type
          Dr. Suryya Kumar Bhuyan Library Dr. Suryya Kumar Bhuyan Library   29/01/2013 00000 150.00   891.41 Sh 11 Ra 5909/As 14/01/2024 1 29/01/2013 Books

Designed and Maintained by Team SKBL
©1901-2026

Powered by Koha